000 00410nam a2200157 i 4500
001 bgj
100 1 _aBOVEE, Courtland L.
245 1 0 _aBusiness communication today :
_bstudy guide /
_cCourtland L. Bovee, John V. Thill.
250 _a2nd ed.
260 _aNew York,
_ccop. 1989.
700 1 _aTHILL, John V.
040 _cBPK
041 _aeng
942 _cKS
008 s uk f |000 0 eng
999 _c47709
_d47709
856 _uhttp://koha.tu.koszalin.pl/cgi-bin/koha/opac-detail.pl?biblionumber=47709
_yKatalog online BPK